Sistema para pre-estabilización y estabilización de la rocaempleados con éxito en el túnel del proyecto hidroeléctrico Tapanti

Salvato in:
Dettagli Bibliografici
Autore principale: Soto Calvo, Carlos Francisco
Natura: Sconosciuto
Pubblicazione: [San José, Costa Rica] 1974
Soggetti:
Tags: Aggiungi Tag
Nessun Tag, puoi essere il primo ad aggiungerne!!

MARC

LEADER 00000 a2200000 4500
003 011457
005 20221231143820.0
008 140114s1974 c a m 000 ||s d
040 |c cru CEDI 
090 |a TFG 538 
100 |a Soto Calvo, Carlos Francisco  |9 16663 
245 |a Sistema para pre-estabilización y estabilización de la rocaempleados con éxito en el túnel del proyecto hidroeléctrico Tapanti 
260 |c 1974  |a [San José, Costa Rica] 
300 |a  44 hojas : cuadros, planos (plegables)  
500 |a  Tesis (Ingeniero Civil) Universidad de Costa Rica.  
650 |x  LinkINSTITUTO COSTARRICENSE DE ELECTRICIDAD.. PROYECTO HIDROELECTRICO TAPANTI   |x ESTABILIZACION DE SUELOS  |9 16664 
942 |c TFG 
999 |c 12415  |d 12415